| 000 | 00738nab a2200229 u 4500 | ||
|---|---|---|---|
| 001 | 09017 | ||
| 003 | HDC | ||
| 007 | cr bn ---aaaaa | ||
| 008 | 210131c2013 my dr|nes 0 a may d | ||
| 040 | _aHDC | ||
| 245 | 0 | _aBNM Kerjasama dengan Brunei, Myanmar | |
| 260 |
_aKuala Lumpur : _bUtusan Melayu (M) Bhd., _c2013 |
||
| 336 |
_atext _2rdacontent |
||
| 337 |
_acomputer _2rdamedia |
||
| 338 |
_aonline resource _2rdacarrier |
||
| 650 |
_abanking sector _96420 |
||
| 650 |
_aFinancial sector _99380 |
||
| 856 | _zRequest full-text at [email protected] | ||
| 942 | _2lcc | ||
| 942 | _cNEWS | ||
| 942 | _kNWSC 002440 | ||
| 999 |
_c6340 _d6340 |
||